Pablo Picasso : cerámicas /

La presente publicación es el catálogo de la exposición homónima presentada por el Círculo de Bellas Artes de Madrid, de julio a septiembre de 2004.

Guardat en:
Dades bibliogràfiques
Autor principal: Picasso, Pablo (artista)
Autor corporatiu: Círculo de Bellas Artes
Altres autors: Durán Ucar, Dolores (curaduría) (curaduría), Ferrer, Isidro (texto) (texto)
Format: Llibre
Idioma:espanyol
Publicat: Madrid, España : Círculo de Bellas Artes, 2004, c2004
Matèries:
Etiquetes: Afegir etiqueta

MARC

LEADER 00000nam^a2200000^a^4500
001 000189897
005 20250521000000.0
009 20260310102429.366
020 |a 84-86418-38-0 
037 |a Acervo ITESO - Biblioteca 
041 |a ESP 
082 |a 738. 094608  |b PIC DUR 
100 |a Picasso, Pablo  |e (artista) 
245 1 0 |a Pablo Picasso :  |b cerámicas /  |c Artista P. Picasso ; curaduría de D. Durán Ucar ; texto de I. Ferrer... [et al.] ; Círculo de Bellas Artes. 
264 4 |a Madrid, España :  |b Círculo de Bellas Artes,  |c 2004, c2004 
300 |a 173 p. 
336 |a texto  |b txt  |2 rdacontenido 
337 |a sin mediación  |b n  |2 rdamedio 
338 |a volumen  |b nc  |2 rdasoporte 
520 |a La presente publicación es el catálogo de la exposición homónima presentada por el Círculo de Bellas Artes de Madrid, de julio a septiembre de 2004. 
545 0 |a Nacido en 1881 en Málaga, España, Pablo Picasso ha sido calificado como el artista más famoso, polifacético y prolífico del siglo XX. Hijo de un profesor de dibujo y pintor, el malagueño fue un genio precoz que antes de los 30 años de edad ya había creado Las señoritas de Avignon (1906-1907, expuesta hasta 1937), una realización decisiva en su trayectoria, una obra precursora del cubismo y a decir de ciertos críticos, el más importante logro individual en el desarrollo de la pintura moderna. La obra de Picasso –sumamente rica en sus registros emocionales, temas y en sus magistrales recursos técnicos- vira a mediados de la década de 1920 hacia una violencia expresiva, cargada de tensión emocional y de una obsesión por la angustia y la desesperación: dicho período culminaría con la célebre pintura Guernica (1937). Aunque opacado por la faceta pictórica, el escultor Picasso también despunta como uno de los primeros artistas que realizaron esculturas con materiales diversos, en vez de tallarlas o modelarlas, como bien ejemplifica Cabeza de toro, metamorfosis (1943), y no se queda atrás la importancia de su obra como artista gráfico (dibujante, aguafuertista, litógrafo, grabador). La última producción de Picasso, fallecido en 1973 en Francia, no ha merecido los mismos elogios que la vigorosa, variada e imaginativa obra anterior a la Segunda Guerra Mundial, sin que ello obste para reconocerle como el creador que ha estimulado los mayores cambios en el arte del siglo XX. 
649 |a XX 
650 |a Alfareros Españoles -  |x Exposiciones -  |x Catálogos 
650 |a Artistas Españoles -  |x Exposiciones -  |x Catálogos 
650 |a Museos y Galerías -  |z Madrid, España -  |x Exposiciones -  |x Catálogos 
650 |a Museos y Galerías -  |z España -  |x Exposiciones -  |x Catálogos 
650 |a Cerámica Moderna -  |z España -  |x Exposiciones -  |x Catálogos 
650 |a Cerámica Moderna -  |z España -  |x Historia y Crítica 
650 |a Cerámica Española -  |z España -  |x Exposiciones -  |x Catálogos 
650 |a Cerámica Española -  |x Historia y Crítica 
650 |a Arte Moderno -  |z España -  |x Exposiciones -  |x Catálogos 
650 |a Arte Moderno -  |z España -  |x Historia y Crítica 
650 |a Arte Español -  |z España -  |x Exposiciones -  |x Catálogos 
650 |a Arte Español -  |x Historia y Crítica 
650 |a Picasso, Pablo -  |x Tema Principal 
710 |a Círculo de Bellas Artes 
700 |a Durán Ucar, Dolores  |e (curaduría) 
700 |a Ferrer, Isidro  |e (texto) 
910 |a Fondo General 
920 |a Impresos - Libros 
930 |a Reserva Especial 
905 |a 103 
901 |a 0500133477  |b IT1  |c REE  |u 20250521 
902 |a https://opac.biblio.iteso.mx/vufind/Record/000189897